George of Trebizond : a biography and a study of his rhetoric and logic /

Bibliographic Details
Main Author: Monfasani, John
Format: Book
Language:English
Published: Leiden : E.J. Brill, 1976.
Series:Columbia studies in the classical tradition ; v. 1.
Subjects:

MARC

Tag First Indicator Second Indicator Subfields
LEADER 00000cam a2200000 a 4500
001 in00000495521
005 20151013070138.0
008 761001s1976 ne b 00110 engm
010 |a  76372617  
015 |a Ne76-25 
020 |a 9004043705 :  |c fl 96.00 
035 |a (OCoLC)02524404 
035 |9 ACE0020AM 
040 |a DLC  |c DLC  |d TXA  |d UtOrBLW 
049 |a TXAM  |c [1198430] 
050 0 0 |a PA5317.G43  |b Z8 
082 0 |a 185 
100 1 |a Monfasani, John. 
245 1 0 |a George of Trebizond :  |b a biography and a study of his rhetoric and logic /  |c by John Monfasani. 
264 1 |a Leiden :  |b E.J. Brill,  |c 1976. 
300 |a 414 pages ;  |c 25 cm. 
336 |a text  |b txt  |2 rdacontent 
337 |a unmediated  |b n  |2 rdamedia 
338 |a volume  |b nc  |2 rdacarrier 
490 1 |a Columbia studies in the classical tradition ;  |v v. 1 
500 |a Includes indexes. 
504 |a Bibliography: pages [381]-391. 
600 0 0 |a George,  |c of Trebizond,  |d 1396-1486. 
650 0 |a Humanists  |z Italy  |v Biography. 
830 0 |a Columbia studies in the classical tradition ;  |v v. 1. 
999 |a MARS 
999 f f |s 8a67ee75-21ae-3787-9d64-451ecfe080f4  |i b15088e5-6157-3a29-9f58-e502c7a4e9ed  |t 0 
952 f f |p normal  |a Texas A&M University  |b College Station  |c Sterling C. Evans Library  |d Evans: Library Stacks  |t 0  |e PA5317.G43 Z8  |h Library of Congress classification  |i unmediated -- volume  |m A14807815990 
998 f f |a PA5317.G43 Z8  |t 0  |l Evans: Library Stacks